000 00588nam a2200229Ia 4500
001 1413
003 GE_BSU
008 181216s||||||||xx |||||||||||||| ||und||
020 _a9785699389216
040 _cGE_BSU
080 _a34
245 _aЮридическая техника
245 _bУч-е пособие
245 _cПод ред.Т.Я.Хабриевой; Н.А.Власенко
260 _aМосква
260 _bЭксмо
260 _c2010
300 _a272стр.
541 _h10л.
653 _aЮридическая техника
942 _cBK
999 _c35552
_d35552